00346nam a2200157Ia 4500008004100000020001500041041001200056082001100068100001200079245002500091250000800116260002500124300000800149650001500157700001600172221030s9999 xx 000 0 und d a0070264376 aEnglish a105.23 aM. Levy 0aRetailing Management a6th bTMHaNew Delhic2008 a776 aManagement aB. A. Weitz